000 00565nam a2200181Ia 4500
008 151018s9999 xx 000 0 und d
082 _bRBASDV7229
_a891.463
100 _aअ त्र्य कुलकर्णी
245 _aरेशमा फांस
250 _b1
260 _bसदानंद
_c1971
300 _a96
600 _aअ त्र्य कुलकर्णी
630 _aरेशमा फांस
700 _aअ त्र्य कुलकर्णी
730 _aरेशमा फांस
942 _cBOOK
999 _c1009598
_d1009595